000
00336nam a2200133Ia 4500
008
240624s9999 xx 000 0 und d
041
_a
eng
082
_a
823 BAR
100
_a
BARNES FRED
245
_a
REBEL IN CHIEF INSIDE THE BOLD AND CONTR
260
_c
2006
_a
New York
_b
Crown Forum
300
_a
220 : p. : cm. ; 22
365
_c
_b
20
999
_c
9643
_d
9643